Optics of thin films (Record no. 16581)

000 -LEADER
fixed length control field 00492nam a22001931 4500
001 - CONTROL NUMBER
control field 16581
003 - CONTROL NUMBER IDENTIFIER
control field BD-DhUET
008 - FIXED-LENGTH DATA ELEMENTS--GENERAL INFORMATION
fixed length control field 831118s1960 ne a 000 0 eng
040 ## - CATALOGING SOURCE
Original cataloging agency DLC/ICU
Transcribing agency ICU
Modifying agency BD-DhUET
082 00 - DEWEY DECIMAL CLASSIFICATION NUMBER
Classification number 535.84
Item number VAS/1960
100 ## - MAIN ENTRY--PERSONAL NAME
Personal name Vašíček, A
245 10 - TITLE STATEMENT
Title Optics of thin films
250 ## - EDITION STATEMENT
Edition statement 1st ed.
260 ## - PUBLICATION, DISTRIBUTION, ETC. (IMPRINT)
Place of publication, distribution, etc. Amsterdam
Name of publisher, distributor, etc. North-Holland Pub.
Date of publication, distribution, etc. 1960
300 ## - PHYSICAL DESCRIPTION
Extent xiii, 403 p.
Other physical details ill.
Dimensions 23 cm.
504 ## - BIBLIOGRAPHY, ETC. NOTE
Bibliography, etc Includes bibliographies
650 #0 - SUBJECT ADDED ENTRY--TOPICAL TERM
Topical term or geographic name as entry element Thin films
942 ## - ADDED ENTRY ELEMENTS (KOHA)
Koha item type Guide Book
Holdings
Damaged status Not for loan Lost status Piece designation (barcode) Koha date last seen Withdrawn status Source of classification or shelving scheme Koha full call number Price effective from Koha item type Sublocation or collection (holding branch) Koha normalized classification for sorting Copy number Location (home branch) Date acquired Shelving location
   57622015-03-21  535.84/VAS/19602015-03-21Guide BookCentral Library, BUET535_840000000000000_VAS_19601Central Library, BUET2015-03-21Circulation section